00480nam a2200205Ia 4500008004100000020001400041050001400055100002200069245002900091245002500120260001500145260001600160260000900176300001500185300002600200300001000226300002300236440000700259500000800266170918s9999 xx 000 0 und d a439841178 bS857 2005 aStilton, Geronimo 4aThe mummy with no name / cby Geronimo Stilton. aNew York : bScholastic, c2005 a98 pages : bcolor illustrations ; c19cm. eGeronimo Stilton ; a26 a570